000 00649nam a22002057a 4500
999 _c17801
_d17801
003 AR-CdUCM
008 190509b ||||| |||| 00| 0 spa d
040 _aMUNICIPALIDAD PROVINCIAL DEL CUSCO
_cBIBLIOTECA MUNICIPAL DEL CUSCO
082 _a131 /
_bL79
100 _aLobsang Rampa, T,
_911039
245 _aUsted y la eternidad /
260 _aBuenos Aires :
_bEds. Troquel,
_c1971.
300 _a242 paginas ;
_c20 cm.
505 _aContenido :Lecciones /
650 _aParapsicologĂ­a
_916560
650 _aEspiritualidad
_93669
700 _aMartĂ­nez Alinari, Josefina (traductor)
_99939
942 _2ddc
_cLIBROS
945 _arjall
_d2019-05-09